THE PUBLIC INTELLECTUAL IN INDIA (Record no. 31919)

MARC details
000 -LEADER
fixed length control field 00266nam a22001217a 4500
003 - CONTROL NUMBER IDENTIFIER
control field SGT
082 ## - DEWEY DECIMAL CLASSIFICATION NUMBER
Classification number 340
Item number T15T
100 ## - MAIN ENTRY--PERSONAL NAME
Personal name THAPAR, ROMILA
245 ## - TITLE STATEMENT
Title THE PUBLIC INTELLECTUAL IN INDIA
260 ## - PUBLICATION, DISTRIBUTION, ETC. (IMPRINT)
Name of publisher, distributor, etc ALEPH BOOK COMPANY
Year of Publication 2015
300 ## - PAGE DESCRIPTION
No. of Pages 170
942 ## - ADDED ENTRY ELEMENTS (KOHA)
Source of classification or shelving scheme Dewey Decimal Classification
Koha item type Books
Holdings
Withdrawn status Lost status Source of classification or shelving scheme Damaged status Not for loan Home library Current library Shelving location Date acquired SGTU Total Checkouts Full call number Accession No. (Barcode) Date last seen Bill Date Koha item type
    Dewey Decimal Classification   Not For Loan SGT Chancellor's Library SGT Chancellor's Library Reference Book 04/07/2025 SGTU   340 T15T CH3888 04/07/2025 04/07/2025 Books